| 000 | 00695nam a22001817a 4500 | ||
|---|---|---|---|
| 999 |
_c60757 _d60757 |
||
| 005 | 20231019105300.0 | ||
| 008 | 231019s2007 ru ||||| |||| 00| 0 r d | ||
| 020 | _a9785979400129 | ||
| 041 | _arus | ||
| 080 | _a73/76 C-34 | ||
| 100 |
_aСиблер, Майкл _920121 |
||
| 245 |
_aИскусство древней Греции / _cМайкл Сиблер; რედ. Норберт Вольф. |
||
| 264 |
_aМосква : _bАрт-Родник , _c2007. |
||
| 300 |
_a96 стр.; _bил.; _c23 см. |
||
| 653 | _aძველი საბერძნეთის ხელოვნება | ||
| 700 |
_aВольф, Норберт _eრედაქტორი _920122 |
||
| 942 |
_2udc _cBK |
||